000
00164 a2200085 4500
041
_a
spa
100
_a
Anonimo
245
_a
El gran libro de los deportes
942
_c
BK
999
_c
10345
_d
10345